000 00372nam a2200157Ia 4500
003 OSt
005 20240329115441.0
008 170524s9999 xx 000 0 und d
020 _a978-8180548413
040 _ciimtu meerut
100 _aPRASAD- L M
100 _c2006
245 0 _aPRINCIPLES AND PRACTICE OF MANAGEMENT
260 _aSULTAN CHAND SONS
942 _2ddc
_c02
999 _c2239
_d2239